00748nam a22002057a 450000500170000001000270001702000260004403500130007003500170008303700210010003700130012108200140013410000190014824502020016725000170036926000450038627000680043130000260049970000170052520150212151037.0 aBAC-EN21 ENG-111876 a9788173071478c415.00 aEN-95408 aB-581972-992 bPragati/venadpl bDBAD/PUB a343.41052 aMahesh Chandra aIncome tax :blaw and practice :incorporating the provisions of the Finance Act, 2014 applicable to A.Y. 2015-16 and the income -tax act as amended up to date /cby Mahesh Chandra [and ] D.C.Shukla a37th rev. ed aNew DelhibPragati Publicationsc2014-15 a4382/4B, Ist Floor, Ansari Road, Darya Ganjb New Delhie110002 aviii,676p.c24cm(pbk) aShukla, D.C.